000
00340nam a2200169Ia 4500
001
5313
005
20250626025207.0
008
211022s9999 xx 000 0 und d
082
_a
759.9493 KAY
100
_a
Kay, Marguerite
245
0
_a
Bruegel
260
_a
London
260
_b
Hamlyn
260
_c
1969
300
_a
942
_c
BK
999
_c
3432
_d
3432